| 000 | 00407cam a2200169ua 4500 | ||
|---|---|---|---|
| 020 | _c2.50 | ||
| 041 |
_amal _h |
||
| 082 |
_a894.812308 _bVAR/EN |
||
| 100 | _aVarkey, Muttath . | ||
| 245 |
_aIna pravukal / _cMuttath Varkey. _hTextual Documents |
||
| 260 |
_aKottayam : _bNational Book Stall , _c1961. |
||
| 300 | _a208 ; . | ||
| 365 | _a2.50 | ||
| 504 | _a | ||
| 942 | _cBK | ||
| 999 |
_c4466 _d4466 |
||